000 01333cad a22002895a 4500
001 L158555
008 131031s2015 xxk f f 001 0 eng d
035 _a(Sirsi) u158555
041 0 _aeng
110 2 _aRoyal Institution of Chartered Surveyors
_94900
245 0 0 _aFinancial viability appraisal in planning decisions
_bTheory and practice
_h[electronic resource]
260 _aLondon
_bRICS
_c2015
300 _a30 p.
490 0 _aRICS Research
520 _aFocuses on site specific evaluation and is based on planning appeal documentation and decisions made in 2007. The aim of the research is to formulate consistent approaches to land valuation within site-specific DVA based on a critical evaluation of the theory and practice of appraisal.
520 _aSuperseded by Financial viability in planning: Conduct and reporting 1st ed 2016 ISBN 9781783213580
650 2 4 _aFINANCIAL VIABILITY
650 2 4 _aDEVELOPMENT VIABILITY
650 2 4 _aNATIONAL PLANNING POLICY FRAMEWORK 2012
650 2 4 _aAppraisal
651 4 _aUnited Kingdom
690 _aPlanning and development
_96259
700 1 _aCrosby, Neil
700 1 _aWyatt, Peter
856 _uhttps://www.propertyresearchtrust.org/uploads/1/3/4/8/134819607/financial_viability_appraisal.pdf
_zAvailable from Property Research Trust
942 _n0
_2ddc
999 _c115380
_d115380